晨讀10分鐘 : 我的成功,我決定

資料類型: Book 圖書   書目號:51676

Leader xxxxxxxxxx
001 __ 102490/9/01
005 __ 20171120175611.443
010 0_ |a9789869498364|b平裝|d新臺幣320元
020 __ |atw|b106009907
042 __ |anbim
100 __ |a20171120d2017    k  y0chiy50      e
101 0_ |achi
102 __ |atw
105 __ |aa   z   000fy
200 1_ |a晨讀10分鐘|e我的成功,我決定|f五月天等作|g葉丙成主編
205 __ |a初版
210 __ |a臺北市|c親子天下|d2017[民106]
215 0_ |a287面|c彩圖|d21公分
225 12 |a晨讀10分鐘系列|v28
517 1_ |a我的成功我決定|zchi
681 __ |a859.7|b8467
700 _1 |a|b丙成|4主編
710 02 |a五月天|4801 _0 |atw|bLibDipper|c20171120|gCCR
詳細館藏(共 1 筆)
索 書 號登 錄 號冊次號館別 / 館藏地流通類型狀態加入預約清單電子資源
859.7 / 8467 1024909  圖書館 / 一樓普通區 可外借30天 在館   

| 條列資料




目錄查詢 分類查詢 個人資料 圖書薦購 新書查詢 閉館日 排行榜 更多電子資源 Hami書城 線上資料庫 登出

From : 216.73.216.116

  本日流通累計至 15:22:16 借閱 : 8 次 續借 : 0 次 歸還 : 10 次 預約 : 0 次 電子資源 : 0 次


內湖高中圖書館  PCLIS 版本  25.5.0.2